000 01362namaa2200361 i 4500
003 EG-GICUC
005 20260407115222.0
008 260315s1998 ua |||jr|||| 000 0 ara d
017 _a95 / 2464
_bدار الكتب والوثائق القومية (مصر)
020 _a9770084549
040 _aEG-GiCUC
_bara
_cEG-GiCUC
_dEG-GiCUC
_erda
082 0 4 _221
_a272
_bR6518
092 0 4 _221
_a272
_bR6518
099 _a272 R6518
100 1 _aروبرتسون، بات
_eمؤلف.
245 1 _aأسرار النظام العالمى الجديد /
_cتأليف بات روبرتسون ؛ تقديم السيد يس ؛ ترجمة مدحت طه.
250 _aالطبعة الاولى
264 _aالقاهرة (مصر) :
_bمركز المحروسة للبحوث والتدريب والنشر،
_c1998.
300 _a307 صفحة ؛
_c24 سم
336 _2rdacontent
_atext
337 _2rdamedia
_aUnmediated
338 _2rdacarrier
_avolume
490 _aقضايا دولية وإقليمية ؛
_v6
504 _a.
541 _aد. جابر عصفور ؛
_bالقاهرة ؛
_cإهداء ؛
_d2024.
650 1 7 _aالمسيحية
_2qrmak
650 1 7 _aالحضارة الحديثة
_2qrmak
651 1 _2qrmak
700 1 _aيس، السيد
_eمقدم.
700 1 _aطه، مدحت
_eمترجم.
905 _aAya
942 _2ddc
_cBK
_e21
_n0
999 _c179046
_d179046